• 首页
  • 本馆介绍
  • 公告通知
  • 最新文献
  • 馆藏检索
  • 电子资源
  • 读者导购
  • 参考咨询
  • 我的图书馆
  • 登录
  • 详细信息显示
  • 放入我的书架
  • 预约/预借图书
  • 作者相关作品
  • 分类相关作品
  • 丛书相关作品
  • 出版社相关作品

书目信息

  • 表格格式
  • 工作单格式
  • 卡片格式
题名:
政治经济学新原理
    
 
作者: 西斯蒙第 著
分册:  
出版信息: 北京   当代中国出版社  1977
页数: 531页
开本: 20cm
丛书名:
单 册:
中图分类: F0-0 , F0
科图分类:
主题词: 政治经济学 , 政治经济学
电子资源:
ISBN:
000 00714nam0 2200253 45
001 0195011396
005 20060801155617.42
010    @dCNY1.65
100    @a19950207d1977 y0chiy0121 ea
101 0  @achi
102    @aCN@b110000
105    @ay z 000yy
200 10 @a政治经济学新原理@d=论财富同人口的关系@AZHENG ZHI JING JI XUE XIN YUAN LI@f(瑞士)西斯蒙第著@F(rui shi)xi si meng di zhu
210    @a北京@c当代中国出版社@d1977
215    @a531页@d20cm
300    @a附录:译名对照表
510    @a论财富同人口的关系
606    @a政治经济学
606 0  @a政治经济学
690    @aF0-0@v三版
690    @aF0@v3
701  0 @a西斯蒙第@Axi si meng di@4著
801  0 @aCN@bTSSF@c20060801
905    @a10447@dF0@e208
    
    政治经济学新原理=论财富同人口的关系/(瑞士)西斯蒙第著.-北京:当代中国出版社,1977
    531页;20cm
    附录:译名对照表.-←并列题名:论财富同人口的关系
    
    ISBN :CNY1.65
    
●
相关链接 在E读中查询图书 在五车中查询图书 在当当中查询图书 在豆瓣中查询图书


正题名:政治经济学新原理     索取号:F0/208         预约/预借

序号 登录号 条形码 馆藏地/架位号 状态 备注
1 0441302   204413027   密集书库/ [索取号:F0/208] 在馆    
唐山师范学院图书馆 欢迎您!
大连网信软件有限公司© 版权所有